| 000 | 00706nam a2200181 a 4500 | ||
|---|---|---|---|
| 005 | 20210219145833.0 | ||
| 008 | 991125s1975 mx 000 0 spa u | ||
| 035 | _aUPN01000001681 | ||
| 049 | _aF | ||
| 050 | 4 |
_aLE7.2913 U265 _bD412 no.70 |
|
| 100 | 1 |
_aCarpizo McGregor, Jorge, _d1944-2012 |
|
| 245 | 1 | 0 |
_aAlgunas reflexiones sobre la legislación de la Universidad Nacional Autónoma de México / _cJorge Carpizo. |
| 260 |
_aMéxico : _bUNAM, Dirección General de Difusión Cultural, Departamento de Humanidades, _c1975. |
||
| 300 | _a24 p. | ||
| 440 | 0 |
_aDeslinde. _pCuadernos de cultura política universitaria ; _v70 |
|
| 610 | 2 | 4 |
_aUNIVERSIDAD NACIONAL AUTONOMA DE MEXICO - _xLEGISLACION |
| 905 | _aLibro | ||
| 999 |
_c1681 _d1681 |
||